Sports Quiz

Random Sports or Baseball Quiz
Score 0/28 Timer 05:00
0 Plays Today
% Correct
Ty Cobb
87.5%
Roberto Clemente
86.1%
Pete Rose
86.1%
Derek Jeter
84.7%
Stan Musial
80.6%
Cap Anson
79.2%
Hank Aaron
73.6%
Carl Yastrzemski
73.6%
Al Kaline
70.8%
Lou Brock
68.1%
Willie Mays
65.3%
Rod Carew
65.3%
Paul Waner
63.9%
Craig Biggio
62.5%
% Correct
Tris Speaker
54.2%
Wade Boggs
54.2%
Honus Wagner
52.8%
Nap Lajoie
52.8%
Paul Molitor
50%
Eddie Collins
48.6%
Tony Gwynn
44.4%
Cal Ripken, Jr.
43.1%
Rafael Palmeiro
41.7%
George Brett
38.9%
Dave Winfield
37.5%
Eddie Murray
33.3%
Rickey Henderson
33.3%
Robin Yount
30.6%

You're not logged in!

Compare scores with friends on all Sporcle quizzes.
OR
Log In

Sporcle TV

Today on Sporcle TV


Watch our educational content, quiz creation guides, and fun videos on Sporcle TV.

Show Comments

Extras

Created Jan 20, 2013SourceReportNominate
Tags:Baseball Quiz

Top Quizzes Today


Score Distribution

Paid Content

Your Account Isn't Verified!

In order to create a playlist on Sporcle, you need to verify the email address you used during registration. Go to your Sporcle Settings to finish the process.

Report this User

Report this user for behavior that violates our Community Guidelines.

Details: